| 000 | 00540 a2200217 4500 | ||
|---|---|---|---|
| 005 | 20260407130212.0 | ||
| 008 | 260407b |||||||| |||| 00| 0 eng d | ||
| 020 |
_a9788119684052 _cRs. 1950.00 |
||
| 040 | _aMAIN | ||
| 082 |
_a572.4 _bH95B |
||
| 100 | _aHusain, Arbab | ||
| 245 | _aBiochemistry of metabolic process | ||
| 260 |
_bBook Enclave _c2025 _aJaipur |
||
| 300 | _ax, 260 | ||
| 650 | _aLife Sciences | ||
| 650 | _aBiochemistry | ||
| 650 | _aMetabolism | ||
| 700 | _aKhanam, Afreen | ||
| 700 | _aKant, Ravi | ||
| 942 | _cBK | ||
| 999 |
_c395230 _d395230 |
||